Transición democrática en Guatemala /

Zapisane w:
Opis bibliograficzny
1. autor: Solórzano Martínez, Mario
Format: Texto
Etykiety: Dodaj etykietę
Nie ma etykietki, Dołącz pierwszą etykiete!

MARC

LEADER 00000 a a2200000 04500
001 47472
003
040
100 |a Solórzano Martínez, Mario  
245 |a Transición democrática en Guatemala /  |c Mario Solórzano Martínez  
773 |g número1, (1994), páginas 29-33  
999 |c 36104  |d 36104